| 000 | 01425nam a2200361 i 4500 | ||
|---|---|---|---|
| 005 | 20260401170744.0 | ||
| 008 | 260401s2025 my a jr 000 0 may d | ||
| 020 |
_a9789673889853 _cRM29.00 _qpaperback |
||
| 040 |
_aPPAK _beng _cPPAK _erda |
||
| 082 | 0 | 4 |
_223 _a297.63 |
| 090 | 0 | 0 |
_a297.63 _bAHM _dK |
| 100 | 0 |
_aAhmad Shamil Shahrin, _eauthor. |
|
| 245 | 1 | 0 |
_aSIRAH NABI : _bDAKWAH DI MADINAH (KOTA CAHAYA) / _cAhmad SHAMIL SHAHRIN ; Editor Syariah Siti Hajar Hanisah, Faris Lokhman, Nabilah Husna Ikhsan, Fakhrizul ; Editor Bahasa Alyaa Natasha, Khairun Amalia |
| 264 | 1 |
_aKuala Lumpur : _bTELAGA BIRU SDN. BHD., _c[2025?] |
|
| 300 |
_ax, 158 pages : _bcolour illustrations ; _c24 cm |
||
| 336 |
_atext _2rdacontent |
||
| 337 |
_aunmediated _2rdamedia |
||
| 338 |
_avolume _2rdacarrier |
||
| 490 | 1 | _aSIRI SIRAH NABI S.A.W UNTUK ANAK-ANAK | |
| 500 | _aContains verses from the Qur'an and quotes from the Hadith | ||
| 504 | _aBibliography: page 155 | ||
| 600 | 0 | 0 |
_aMuhammad, _cProphet, _d-632. |
| 650 | 1 | 0 | _aProphets in the Qur'an. |
| 650 | 2 | 0 | _aIslamic stories, Malay. |
| 700 | 0 |
_aSiti Hajar Hanisah, _eeditor. |
|
| 700 | 0 |
_aFaris Lokhman, _eeditor. |
|
| 700 | 0 |
_aNabilah Husna Ikhsan, _eeditor. |
|
| 700 | 0 |
_aFakhrizul, _eeditor. |
|
| 700 | 0 |
_aAlyaa Natasha, _eeditor. |
|
| 700 | 0 |
_aKhairun Amalia, _eeditor. |
|
| 830 | 0 | _aSiri sirah nabi s.a.w untuk anak-anak | |
| 942 |
_2ddc _cB |
||
| 999 |
_c203659 _d203659 |
||